000 00698aam a2200265 i 4500
001 768714001
003 CO-MdFUSB
005 20251022111009.0
007 ta
008 251022txx ck |||| |||| 00| 0 spa d
040 _cCO-MdFUSB
041 0 _aspa
082 0 4 _223
_a252
_bO812j
100 1 _aOsborn, T. L.
_eautor
245 1 0 _aJesucristo el sanador
_c/ T. L. Osborn
264 0 _bCLC,
_aBogotá, Colombia :
_c[Fecha de publicación no identificada]
300 _a247 páginas
336 _atexto
_btxt
_2rdacontent
337 _2rdamedia
_asin mediación
_bn
338 _2rdacarrier
_avolumen
_bnc
563 _aRústico
650 7 _aSermones
_9283
942 _cBK
945 _aJTF-925
999 _c40652
_d40652